Formálny pohľad na morálny hazard, bázické riziko a zaistenie

Saved in:
Bibliographic Details
Main Author: Pinda, Ľudovít, 1958-
Other Authors: Smažáková, Lenka, 1991-
Format: Book Chapter
Language:Slovak
Tags: Add Tag
No Tags, Be the first to tag this record!

MARC

LEADER 00000nla a2200000 4500
001 0235644
005 20240502073818.4
041 0 |a slo 
044 |a SK 
245 1 0 |a Formálny pohľad na morálny hazard, bázické riziko a zaistenie  |c Ľudovít Pinda, Lenka Smažáková 
500 |a Abstrakt 
100 1 |a Pinda, Ľudovít, 1958- 
700 1 |a Smažáková, Lenka, 1991-